Rukoväť bezpečnosti práce : Zborník všeobecne záväzných bezpečnostných predpisov
Guardado en:
| Formato: | Libro |
|---|---|
| Lenguaje: | checo |
| Publicado: |
Bratislava :
Práca,
1975
|
| Etiquetas: |
Sin Etiquetas, Sea el primero en etiquetar este registro!
|
MARC
| LEADER | 00000nam a22000003a 4500 | ||
|---|---|---|---|
| 001 | stu188644 | ||
| 005 | 20150408174832.1 | ||
| 008 | 090818s1975----cs------------------cze-d | ||
| 040 | |a STU |b slo | ||
| 041 | 0 | |a cze | |
| 044 | |a cs | ||
| 080 | |a 614.8 | ||
| 245 | |a Rukoväť bezpečnosti práce : |b Zborník všeobecne záväzných bezpečnostných predpisov | ||
| 260 | |a Bratislava : |b Práca, |c 1975 | ||
| 300 | |a 574 s | ||
| 996 | |c V*12964/O-3911 I |l VV16 |s P |a 0 |w stu188644_0001 | ||
| 996 | |c V*13954/O-4493 |l VV16 |s P |a 0 |w stu188644_0002 | ||
| 996 | |b E34616 |c E*34616 |l EE05 |s P |a 0 |w stu188644_0003 | ||